Best Countries for Adventure - Statistics

General Stats
  • This quiz has been taken 43 times
  • The average score is 14 of 20
Answer Stats
Rank Answer % Correct
1 Brazil
92%
20 Canada
89%
11 France
89%
8 Australia
87%
9 Mexico
87%
4 Spain
87%
2 Italy
84%
7 New Zealand
76%
13 Switzerland
74%
3 Greece
71%
6 Portugal
71%
5 Thailand
71%
19 Turkey
71%
17 Austria
68%
12 Argentina
66%
14 Ireland
55%
15 Netherlands
55%
10 Costa Rica
34%
16 Singapore
29%
18 Dominican Republic
18%
No matching quizzes found
Score Distribution
Percent of People with Each Score
Percentile by Number Answered
Your Score History
You have not taken this quiz